MARC details
| 000 -CABECERA |
| campo de control de longitud fija |
01613cam a2200289 a 4500 |
| 001 - NÚMERO DE CONTROL |
| campo de control |
000015864 |
| 005 - FECHA Y HORA DE LA ÚLTIMA TRANSACCIÓN |
| campo de control |
20200929164200.0 |
| 008 - DATOS DE LONGITUD FIJA--INFORMACIÓN GENERAL |
| campo de control de longitud fija |
050112s2004 mx b 100 0 spa d |
| 040 ## - FUENTE DE LA CATALOGACIÓN |
| Centro catalogador/agencia de origen |
DO-SdBNP |
| Lengua de catalogación |
spa |
| Centro/agencia modificador |
BNPHU |
| 049 ## - FONDOS LOCALES (OCLC) |
| Fondos de biblioteca |
BNGR |
| 111 2# - ENTRADA PRINCIPAL--NOMBRE DE CONGRESO/REUNIÓN |
| Nombre de congreso/reunión o jurisdicción como elemento de entrada |
IFLA Meeting of Experts on an International Cataloguing Code |
| Número del congreso/reunión o número de parte o sección |
(2nd : |
| Fecha del congreso/reunión |
2004 : |
| Sede del congreso/Lugar de la reunión |
Buenos Aires, Argentina) |
| 9 (RLIN) |
35712 |
| 245 10 - MENCIÓN DE TÍTULO |
| Título |
2a Reunión IFLA de Expertos sobre un Código Internacional de Catalogación : |
| Resto del título |
antecedentes y documentos / |
| Mención de responsabilidad, etc. |
Ageo GarcÍa B., editor ; prólogo Barbara B. Tillett. |
| 246 3# - FORMA VARIANTE DE TÍTULO |
| Título propio/Titulo breve |
Segunda Reunión IFLA de Expertos sobre un Código Internacional de Catalogación |
| 260 ## - PUBLICACIÓN, DISTRIBUCIÓN, ETC. |
| Lugar de publicación, distribución, etc. |
México : |
| Nombre del editor, distribuidor, etc. |
Consejo Consultivo Latinoamericano para la Cooperación en Catalogación : |
| -- |
Universidad Autónoma de San Luis Potosi, |
| Fecha de publicación, distribución, etc. |
2004. |
| 300 ## - DESCRIPCIÓN FÍSICA |
| Extensión |
142 p. ; |
| Dimensiones |
28 cm. |
| 440 #0 - MENCIÓN DE SERIE/PUNTO DE ACCESO ADICIONAL--TÍTULO |
| Título |
Serie Catalographica ; |
| Designación de volumen o secuencia |
1 |
| 9 (RLIN) |
35713 |
| 500 ## - NOTA GENERAL |
| Nota general |
At head of title: "IME ICC2." |
| 500 ## - NOTA GENERAL |
| Nota general |
Incluye glosario (p. 139-142) |
| 500 ## - NOTA GENERAL |
| Nota general |
Incluye notas al pie de las páginas. |
| 504 ## - NOTA DE BIBLIOGRAFÍA, ETC. |
| Nota de bibliografía, etc. |
Contiene referencias bibliográficas. |
| 611 20 - PUNTO DE ACCESO ADICIONAL DE MATERIA--NOMBRE DE REUNIÓN/CONGRESO |
| Nombre de congreso/reunión o jurisdicción como elemento de entrada |
International Conference on Cataloguing Principles |
| Fecha del congreso/reunión |
(1961 : |
| Sede del congreso/Lugar de la reunión |
Paris, France). |
| Título de la obra |
Statement of Principles. |
| 9 (RLIN) |
35714 |
| 611 20 - PUNTO DE ACCESO ADICIONAL DE MATERIA--NOMBRE DE REUNIÓN/CONGRESO |
| Nombre de congreso/reunión o jurisdicción como elemento de entrada |
IFLA Meeting of Experts on an International Cataloguing Code |
| Número del congreso/reunión o número de parte o sección |
(1st : |
| Fecha del congreso/reunión |
2003 : |
| Sede del congreso/Lugar de la reunión |
Frankfurt am Main, Germany) |
| 9 (RLIN) |
35715 |
| 650 #0 - PUNTO DE ACCESO ADICIONAL DE MATERIA--TÉRMINO DE MATERIA |
| Término de materia o nombre geográfico como elemento de entrada |
Cataloging |
| Subdivisión general |
Standards |
| Subdivisión de forma |
Congresses. |
| 9 (RLIN) |
35716 |
| 700 1# - PUNTO DE ACCESO ADICIONAL--NOMBRE DE PERSONA |
| Nombre de persona |
Garcia B., Ageo |
| Forma completa/desarrollada del nombre |
(García Barbabosa) |
| 9 (RLIN) |
35717 |
| 710 2# - PUNTO DE ACCESO ADICIONAL--NOMBRE DE ENTIDAD CORPORATIVA |
| Nombre de entidad corporativa o nombre de jurisdicción como elemento de entrada |
International Federation of Library Associations and Institutions. |
| 9 (RLIN) |
35718 |
| 710 2# - PUNTO DE ACCESO ADICIONAL--NOMBRE DE ENTIDAD CORPORATIVA |
| Nombre de entidad corporativa o nombre de jurisdicción como elemento de entrada |
Consejo Consultivo Latinoamericano para la Cooperacion en Catalogacion. |
| 9 (RLIN) |
35719 |